Public water supplies in western Texas (Record no. 28407)

MARC details
000 -LEADER
fixed length control field 00816cam a22002291 4500
001 - CONTROL NUMBER
control field gs 49000273
003 - CONTROL NUMBER IDENTIFIER
control field DLC
005 - DATE AND TIME OF LATEST TRANSACTION
control field 20260227111355.0
008 - FIXED-LENGTH DATA ELEMENTS--GENERAL INFORMATION
fixed length control field 761116s1949 dcu 000 0 eng
010 ## - LIBRARY OF CONGRESS CONTROL NUMBER
LC control number gs 49000273
035 ## - SYSTEM CONTROL NUMBER
System control number (OCoLC)2560818
040 ## - CATALOGING SOURCE
Original cataloging agency DLC
Transcribing agency Tx
Modifying agency DLC
050 00 - LIBRARY OF CONGRESS CALL NUMBER
Classification number TD224.T4
Item number A5 1949
110 2# - MAIN ENTRY--CORPORATE NAME
Corporate name or jurisdiction name as entry element Texas Water Commission.
245 10 - TITLE STATEMENT
Title Public water supplies in western Texas
Statement of responsibility, etc. by W. L. Broadhurst. R. W. Sundstrom, and D. E. Weaver. Prepared in cooperation with the U. S. Dept. of the Interior, Geological Survey.
260 ## - PUBLICATION, DISTRIBUTION, ETC.
Place of publication, distribution, etc. [Washington]
Date of publication, distribution, etc. 1949.
300 ## - PHYSICAL DESCRIPTION
Extent 277 p.
Other physical details map.
Dimensions 28 cm.
500 ## - GENERAL NOTE
General note U. S. Geological Survey. Library for Library of Congress.
650 #0 - SUBJECT ADDED ENTRY--TOPICAL TERM
Topical term or geographic name entry element Water-supply
Geographic subdivision Texas.
650 #0 - SUBJECT ADDED ENTRY--TOPICAL TERM
Topical term or geographic name entry element Water
General subdivision Composition.
700 1# - ADDED ENTRY--PERSONAL NAME
Personal name Broadhurst, W. L.
Fuller form of name (William Leslie),
Dates associated with a name 1905-

No items available.

Powered by Koha